| 000 | 01265nam a2200229Ia 4500 | ||
|---|---|---|---|
| 003 | Ost | ||
| 005 | 20260507075212.0 | ||
| 008 | 260507s9999||||xx |||||||||||||| ||und|| | ||
| 040 | _cfsecg | ||
| 041 | _aara | ||
| 082 | _a330 | ||
| 100 |
_aابو فارة، يوسف احمد _eمؤلف |
||
| 245 | 0 |
_aإدارة الأزمات : _bمدخل متكامل / _c يوسف احمد ابو فارة |
|
| 260 |
_aعمان: _bاثراء للنشر, _c2009 |
||
| 300 |
_a408 صفحة؛ _c24 سم |
||
| 504 | _aمراجع ص.393 ؛ملاحق ص.346 | ||
| 520 | _aمدخل الى الازمات ، نشأة حقل الازمات ، أنواع الازمات ، مناهج تشخيص الأزمات و التنبؤ بآثارها، أدوات أساسية و إرشادات عامة لادارة الأزمات ، سيناريوهات و نماذج فاعلة لادارة الازمات ،إتصالات الأزمة ، الأساليب التقليدية و غير التقليدية و الاساليب الكمية لإدارة الأزمات إدارة الازمات في عهد عمر بن الخطاب . | ||
| 653 | _aالإدارة | ||
| 653 | _aالأزمات | ||
| 653 | _aالمشكلات الإجتماعية والإقتصادية | ||
| 942 | _cكتاب | ||
| 999 |
_c43471 _d43471 |
||